00761nam a2200193 a 450000100100000000500170001000800410002702000150006804000250008310000250010824501540013326000290028730000200031649000460033683000530038204900090043595201060044499900170055000003448820200930073728.0111005s2005 es 000 0 spa d a8481647969 aDO-SdBNPbspacBNPHU1 aLee, Soon-won95993010aReflexiones sobre una medusa /cLee Soon-won ; traducción del coreano de Eun-Hee Kwon y Cho-lim Seong ; revisión de Luis de los Frailes Álvaro. aMadrid :bTrotta,c2005. a83 p. ;c21 cm.1 aPliegos de OrienteaLejano Oriente. Corea 0aPliegos de OrientepLejano Oriente. Corea959931 aBNPD 0010507-18MOaGRbGRcOId2011-10-05iLF1l0o p34488-10r2020-06-25w2020-06-25y1ZNo se presta c33979d33979